| 000 | 00576nam a2200205 a 4500 | ||
|---|---|---|---|
| 999 |
_c2264 _d2264 |
||
| 001 | 2264 | ||
| 003 | BD-JhCC | ||
| 005 | 20171031171853.0 | ||
| 008 | 171031s2010 bg ||||| ||a| 00| 0 ben d | ||
| 035 | _a(BD-JhCC)2264 | ||
| 040 |
_aBD-JhCC _dBD-JhCC |
||
| 041 | _aben | ||
| 082 |
_a891.4415 _bISL 2010 |
||
| 245 |
_aঅগ্নিবীণা / _cকাজী নজরুল ইসলাম |
||
| 260 |
_aঢাকা : _bমাওলা ব্রাদার্স, _c2010. |
||
| 300 |
_a64 p. : _c21 cm. |
||
| 650 | _aBengali Poetry | ||
| 942 |
_2ddc _cBK |
||